000 00940nam a2200253 i 4500
001 73550
003 ES-MaACL
005 20240315063015.0
007 t|
008 040908s1983 sp f |||| | spa d
020 _a84-00-05470-9 (O.C.)
100 1 _aGómez-Moreno, Manuel,
_d1870-1970
_958066
245 1 0 _aCatálogo monumental de la provincia de Ávila /
_cManuel Gómez-Moreno ; edición revisada y preparada por Áurea de la Morena y Teresa Pérez Higuera.
260 _aÁvila :
_bInstitución Gran Duque de Alba,
_c1983.
300 _a3 v. ;
_c25 cm.
505 8 _aContiene: I: Texto - II: Láminas I - III: Láminas II
650 4 _aMonumentos-
_zÁvila (Provincia)
_9169644
700 1 _aMorena, Aurea de la.
_983258
700 1 _aPérez Higuera, Teresa.
_990943
710 2 _aInstitución Gran Duque de Alba.
_94723
852 _aES-MaACL
_jL-8305-07
852 _aES-MaACL
_jL-8308-10
999 _c73550
_d73550